00502nam a2200133Ia 4500008004100000100003000041245008500071245006400156260005300220260000900273300001000282650001500292856006100307170221s9999 xx 000 0 und d aNik Ab Halim Nik Abdullah aLogistics and Supply Chain Related Issues Faced by Malaysian SMEs: A Case Study  cNik Ab Halim Nik Abdullah, Sabariah Yaakub, Muhammad Subhan bInternational Review of Management and Marketing c2012 a7 : 2 xMarketing. uhttp://www.econjournals.com/index.php/irmm/issue/view/82